The Negotiable Instruments Act 2002 (Record no. 478860)

MARC details
000 -LEADER
fixed length control field 00681nam a2200217Ia 4500
008 - FIXED-LENGTH DATA ELEMENTS--GENERAL INFORMATION
fixed length control field 100315s9999 xx 000 0 und d
040 ## - CATALOGING SOURCE
Transcribing agency ENGLISH 
082 ## - DEWEY DECIMAL CLASSIFICATION NUMBER
Item number 4125 
Classification number 346.096 
100 ## - MAIN ENTRY--PERSONAL NAME
Personal name "Jhambvala, Noshirvan H. "
245 ## - TITLE STATEMENT
Title The Negotiable Instruments Act 2002
250 ## - EDITION STATEMENT
Edition statement 22nd 
260 ## - PUBLICATION, DISTRIBUTION, ETC. (IMPRINT)
Place of publication, distribution, etc Mumbai 
Name of publisher, distributor, etc C. JAMANADAS & CO.  
Date of publication, distribution, etc 2002 
300 ## - PHYSICAL DESCRIPTION
Extent 148p. 
365 ## - TRADE PRICE
Price note Rupees 
Unit of pricing
Price amount 95.00 
366 ## - TRADE AVAILABILITY INFORMATION
Publishers' discount category
505 ## - FORMATTED CONTENTS NOTE
Miscellaneous information Tushar Jadhav 
620 ## -
-- "Negotiation, Presentment, Payment & Intrest, Reasonable Time, Bills in Sets "
630 ## - SUBJECT ADDED ENTRY--UNIFORM TITLE
Uniform title The Negotiable Instruments Act 2002
730 ## - ADDED ENTRY--UNIFORM TITLE
Uniform title The Negotiable Instruments Act 2002
942 ## - ADDED ENTRY ELEMENTS (KOHA)
Koha item type Book
Holdings
Withdrawn status Lost status Damaged status Not for loan Home library Current library Date acquired Cost, normal purchase price Total Checkouts Full call number Barcode Date last seen Price effective from Koha item type
        Dr. V. N. Bedekar Institute of Management Studies Library Dr. V. N. Bedekar Institute of Management Studies Library 01/05/2006 95.00   346.096 /JHA  4125  VPMBRIMS-4125  03/19/2010 03/19/2010 Book